Normal view
MARC view
- INTITUTE OF PETROLEUM
Entry Personal Name
001 - CONTROL NUMBER
- control field: 75017
003 - CONTROL NUMBER IDENTIFIER
- control field: NUST
005 - DATE AND TIME OF LATEST TRANSACTION
- control field: 20210628205332.0
008 - FIXED-LENGTH DATA ELEMENTS
- fixed length control field: 210628|| aca||aabn | a|a d
040 ## - CATALOGING SOURCE
- Original cataloging agency: NUST
- Transcribing agency: NUST
100 ## - HEADING--PERSONAL NAME
- Personal name: INTITUTE OF PETROLEUM
670 ## - SOURCE DATA FOUND
- Source citation: Work cat.: (NUST): INTITUTE OF PETROLEUM, IP STANDARDS FOR PETROLEUM AND ITS PRODUCTS PART-1 METHODS FOR ANALYSIS AND TESTING, 1969
